| 000 | 00505nam a22001937a 4500 | ||
|---|---|---|---|
| 005 | 20260615163657.0 | ||
| 010 | _aENG-148851 | ||
| 020 |
_a9789395485616 _c335.00 |
||
| 035 | _aEN-132383 | ||
| 037 | _bDBAD | ||
| 082 | _aN | ||
| 100 |
_aMathews, VJ _989256 |
||
| 245 |
_aCheck!/ _cVJ Mathews [and] Edited by Mathew Jackson |
||
| 250 | _a1 | ||
| 260 |
_aKerala _bCosmo Books _c2024 |
||
| 270 |
_bKerala _mcosmobooks@asianetindia.com |
||
| 300 |
_a188p. _bIndex _c22cm(pb) |
||
| 942 |
_2ddc _cEN _hN _mMAT |
||
| 999 |
_c216669 _d216669 |
||